The White Man's Foot

Saved in:
Bibliographic Details
Main Author: Allen, Grant, 1848-1899
Other Authors: Finnemore, Joseph, 1860-1939 (Illustrator)
Format: Electronic eBook
Language:English
Published: Project Gutenberg, 2010
Series:Project Gutenberg 34744
Online Access:http://www.gutenberg.org/etext/34744
Rights
Tags: Add Tag
No Tags, Be the first to tag this record!
Call Number :

MARC

LEADER 00000cam a22000003a 4500
001 77223
003 MY-KLNDU
005 20241219035027.0
008 210403s2010||||xxu|||||s|||||000 | eng d
035 |a (PGUSA)34744 
039 9 |y 202104031435  |z VLOAD 
040 |a PGUSA  |b eng 
042 |a dc 
100 1 |a Allen, Grant, 1848-1899 
245 1 4 |a The White Man's Foot  |h [electronic resource] /  |c by Grant, 1848-1899 Allen; illustrated by Joseph, 1860-1939 Finnemore 
260 |b Project Gutenberg,  |c 2010 
500 |a Project Gutenberg 
506 |a Freely available. 
516 |a Electronic text 
599 |a Dummy Record 
700 1 |a Finnemore, Joseph, 1860-1939,  |e Illustrator 
830 0 |a Project Gutenberg  |v 34744 
856 4 0 |u http://www.gutenberg.org/etext/34744 
856 4 2 |u http://www.gutenberg.org/license  |3 Rights 
999 |a vtls000088592  |c 77223  |d 77223